| 000 | 02190cas a22005897a 4500 | ||
|---|---|---|---|
| 005 | 20220329142047.0 | ||
| 008 | 990518c us qr p rnn 0 0b1eng d | ||
| 010 | _a77830 | ||
| 011 | _a78802 | ||
| 022 | 0 | _a0736-2056 | |
| 035 | _a88891 | ||
| 245 | 0 | 0 | _aAvicultura Profesional |
| 260 | 0 |
_aDoetinchem, Holanda : _bElsevier, _c19- |
|
| 300 |
_av. : _bilus. |
||
| 310 | _a8 núm. por año | ||
| 362 | _av.16 n.8, 1998 | ||
| 590 |
_aBATCH-UPD _b10 _c20130110 _lUCH01 _h0641 |
||
| 590 |
_aBATCH-UPD _b10 _c20130410 _lUCH01 _h0325 |
||
| 590 |
_aBATCH-UPD _b10 _c20130914 _lUCH01 _h0455 |
||
| 590 |
_aCONVERSION _b10 _c20130109 _lUCH01 _h1343 |
||
| 650 | 1 | 4 |
_aAvicultura _xPublicaciones periódicas. _98747 |
| 866 | _av. 17 n. 2 (1999) - v. 17 n. 7 (1999) | ||
| 866 | _av. 18 n. 2 (2000) - v. 18 n. 4 (2000) | ||
| 866 | _av. 18 n. 6 (2000) - v. 18 n. 7 (2000) | ||
| 866 | _av. 19 n. 10 (2001) | ||
| 866 | _av. 19 n. 2 (2001) | ||
| 866 | _av. 19 n. 5 (2001) | ||
| 866 | _av. 19 n. 7 (2001) | ||
| 866 | _av. 20 n. 1 (2001) - v. 20 n. 2 (2001) | ||
| 866 | _av. 20 n. 6 (2002) | ||
| 866 | _av. 20 n. 8 (2002) | ||
| 866 | _av. 21 n. 4 (2003) - v. 21 n. 5 (2003) | ||
| 866 | _av. 21 n. 6 (2003) | ||
| 866 | _av. 21 n. 9 (2003) - v. 21 n. 10 | ||
| 866 | _av. 22 n. 3 (2004) | ||
| 866 | _av. 22 n. 5 (2004) - v. 22 n. 8 (2004) | ||
| 866 | _av. 23 n. 1 (2005) - v. 23 n. 4 (2005) | ||
| 866 | _av. 23 n. 6 (2005) - v. 23 n. 8 (2005) | ||
| 866 | _av. 24 n. 4 (2006) - v. 24 n. 8 (2006) | ||
| 866 | _av. 25 n. 1 (2006) - v. 25 n. 8 (2007) | ||
| 866 | _av. 26 n. 1 (2007) - v. 26 n. 8 (2008) | ||
| 866 | _av. 27 n. 1 (2009) - v. 27 n. 3 (2009) | ||
| 866 | _av. 27 n. 4 (2008) - v. 27 n. 6 (2008) | ||
| 866 | _av.12 n.3-v.13 n.1 - (1994-1995) | ||
| 866 | _av.14 n.1-8 - (1995-1996) | ||
| 866 | _av.15 n.1-9 - (1997) | ||
| 866 | _av.16 n.1,3,5,8 - (1998) | ||
| 866 | _av.2 n.1-v.5 n.4 - (1984-1987) | ||
| 866 | _av.6 n.2-v.11 n.3 - (1988-1993) | ||
| 901 | _aSE | ||
| 905 | _aLilia Sánchez G. | ||
| 999 |
_c77830 _d77830 |
||